[Event "Sao Paulo Consciencia 5th U2000"]
[Site "Sao Paulo"]
[Date "2015.09.07"]
[Round "6.4"]
[White "Maciel Jr, Wilson"]
[Black "Araujo, Renan Aparecido"]
[Result "0-1"]
[WhiteElo "1775"]
[BlackElo "1986"]
[PlyCount "58"]
[EventDate "2015.09.05"]
[EventType "swiss"]
[EventRounds "6"]
[EventCountry "BRA"]
[SourceTitle "EXT 2022"]
[Source "ChessBase"]
[SourceDate "2021.10.06"]
[SourceVersion "1"]
[SourceVersionDate "2021.10.06"]
[SourceQuality "1"]

1. d4 Nf6 2. Nf3 g6 3. c4 Bg7 4. Nc3 d6 5. e4 0-0 6. h3 e5 7. d5 Nh5 8. g3 f5 9. Bg2 Qe8 10. Qe2 Na6 11. a3 Nc5 12. Nd2 Nf6 13. b4 Ncxe4 14. Ncxe4 fxe4 15. Bb2 Bh6 16. Nxe4 Nxe4 17. Bxe4 Qf7 18. Bg2 Bf5 19. 0-0 Rae8 20. Kh2 Re7 21. Be4 Bxe4 22. Qxe4 Qf3 23. Qh4 Ref7 24. Qxh6 Qe2 25. Kg1 Rxf2 26. Qxf8+ Rxf8 27. Rxf8+ Kxf8 28. Rf1+ Kg7 29. Bc1 Qxc4 0-1

[Event "Sao Paulo Consciencia 5th U2000"]
[Site "Sao Paulo"]
[Date "2015.09.05"]
[Round "2.3"]
[White "Maciel Jr, Wilson"]
[Black "Ramos, Erick Alexandre"]
[Result "0-1"]
[WhiteElo "1775"]
[BlackElo "1869"]
[PlyCount "64"]
[EventDate "2015.09.05"]
[EventType "swiss"]
[EventRounds "6"]
[EventCountry "BRA"]
[SourceTitle "EXT 2022"]
[Source "ChessBase"]
[SourceDate "2021.10.06"]
[SourceVersion "1"]
[SourceVersionDate "2021.10.06"]
[SourceQuality "1"]

1. d4 Nf6 2. Nf3 g6 3. c4 c5 4. d5 b5 5. cxb5 a6 6. bxa6 Bxa6 7. Nc3 d6 8. e4 Bxf1 9. Kxf1 Bg7 10. g3 Nbd7 11. Kg2 0-0 12. Re1 Qb6 13. Qe2 Ng4 14. h3 Nge5 15. Nd2 Qa6 16. Qxa6 Rxa6 17. f4 Nd3 18. Rf1 Rb8 19. Rb1 Bxc3 20. bxc3 Rxa2 21. Rxb8+ Nxb8 22. Kf3 Nxc1 23. Nc4 Rc2 24. Na5 Rxc3+ 25. Kg4 Nd7 26. Re1 Nd3 27. Re2 Nb4 28. e5 dxe5 29. Nc6 Nxd5 30. fxe5 h5+ 31. Kh4 Kg7 32. g4 Rxh3+ 0-1